000 00460nam a2200181Ia 4500
001 4153
005 20260306145735.0
008 260306t2017||||xx |||||||||||||| ||spa||
041 _aESP
082 _a307.1
_bM26
100 _aMartinez O'Daly, Marco
_eAUT
245 0 _aLa reforma urbana:
_bpara rescatar tu ciudad y cuidar el planeta
260 _c2017
300 _a228 páginas :
_c23 cm.
650 _aGEN
654 _aCAU
942 _cLIB
_dJUS
_fJUS
_2ddc
_n
999 _c4153
_d4153